[Event "Budapest FS12 FM"]
[Site "Budapest"]
[Date "2021.12.08"]
[Round "5"]
[White "Szurkos, Andras"]
[Black "Farkas, Laszlo"]
[Result "1-0"]
[WhiteElo "1557"]
[BlackElo "1577"]
[PlyCount "105"]
[EventDate "2021.12.04"]
[EventType "tourn"]
[EventRounds "10"]
[EventCountry "HUN"]
[SourceTitle "CBM 205 Extra"]
[Source "ChessBase"]
[SourceDate "2022.01.31"]
[SourceVersion "1"]
[SourceVersionDate "2022.01.31"]
[SourceQuality "1"]

1. e4 c5 2. d4 cxd4 3. Nf3 e6 4. Be2 Qa5+ 5. c3 dxc3 6. Nxc3 a6 7. 0-0 Bb4 8. Bd2 Ne7 9. a3 Bd6 10. b4 Qc7 11. Na4 b5 12. Rc1 Qb7 13. Nc3 Ng6 14. Bg5 Be7 15. Bxe7 Nxe7 16. Qd4 f6 17. e5 0-0 18. exf6 Rxf6 19. Ne4 Rf4 20. Bd3 d5 21. Qe5 Rxe4 22. Bxe4 dxe4 23. Ng5 Nbc6 24. Qxe4 g6 25. Nxe6 Bxe6 26. Qxe6+ Kg7 27. h4 Rf8 28. h5 Rf7 29. Rc5 Rf5 30. Rfc1 Nd4 31. Qe3 Nec6 32. h6+ Kf7 33. Rxf5+ gxf5 34. Rc5 Qe7 35. Qd2 Qf6 36. Rc3 f4 37. Rh3 Ne5 38. Qa2+ Nc4 39. Qb1 Qf5 40. Qa1 Qf6 41. Qa2 Qe5 42. Qb1 Kg8 43. Qd1 Ne6 44. Qg4+ Kh8 45. Rh5 Qf6 46. Qf3 Nf8 47. Qa8 Kg8 48. Qd5+ Qf7 49. Rg5+ Ng6 50. Rxg6+ hxg6 51. h7+ Kf8 52. h8Q+ Ke7 53. Qhd8# 1-0

[Event "Budapest FS09 Nadassy"]
[Site "Budapest"]
[Date "2019.09.16"]
[Round "9.5"]
[White "Kaposztas, Miklos"]
[Black "Farkas, Laszlo"]
[Result "1-0"]
[WhiteElo "2009"]
[BlackElo "1584"]
[PlyCount "71"]
[EventDate "2019.09.07"]
[EventType "team-schev"]
[EventRounds "10"]
[EventCountry "HUN"]
[SourceTitle "EXT 2020"]
[Source "ChessBase"]
[SourceDate "2019.10.17"]
[SourceVersion "1"]
[SourceVersionDate "2019.10.17"]
[SourceQuality "1"]
[WhiteTeam "A Team Higher Elo"]
[BlackTeam "B Team Lower Elo"]
[WhiteTeamCountry "HUN"]
[BlackTeamCountry "HUN"]

1. c4 Nf6 2. Nc3 g6 3. e4 d6 4. d4 c6 5. Nge2 Bg7 6. Ng3 h5 7. h4 Ng4 8. Be2 c5 9. d5 Bxc3+ 10. bxc3 e5 11. f3 Nh6 12. Qc2 Bd7 13. Be3 Qa5 14. Qd2 Ng8 15. f4 f6 16. f5 gxf5 17. exf5 Ke7 18. Bxh5 Be8 19. Bxe8 Kxe8 20. Ne4 Qc7 21. Rb1 b6 22. g4 Qe7 23. Kf2 Kd7 24. g5 Na6 25. g6 Rh5 26. Ng3 Rh8 27. h5 Qd8 28. h6 Ne7 29. h7 Nxf5 30. Nxf5 Qe8 31. Rbg1 Kc7 32. Qd1 Qd7 33. Qg4 Qa4 34. Qe4 Qxa2+ 35. Kf3 Qa5 36. g7 1-0

[Event "Budapest FS06 FM"]
[Site "Budapest"]
[Date "2019.06.07"]
[Round "6"]
[White "Farkas, Laszlo"]
[Black "Anjali, R Sagar"]
[Result "0-1"]
[WhiteElo "1700"]
[BlackElo "1701"]
[PlyCount "92"]
[EventDate "2019.06.01"]
[EventType "tourn"]
[EventRounds "10"]
[EventCountry "HUN"]
[SourceTitle "EXT 2020"]
[Source "ChessBase"]
[SourceDate "2019.10.17"]
[SourceVersion "1"]
[SourceVersionDate "2019.10.17"]
[SourceQuality "1"]

1. d4 Nf6 2. c4 g6 3. e3 Bg7 4. Bd3 c5 5. Nf3 Nc6 6. Nc3 d6 7. h3 Nd7 8. Ne2 a6 9. Bd2 e5 10. d5 Ne7 11. Rb1 f5 12. e4 Nf6 13. Ng3 f4 14. Ne2 a5 15. Nc3 h6 16. Qa4+ Bd7 17. Nb5 0-0 18. Bc3 Ne8 19. Qc2 Bxb5 20. cxb5 b6 21. a4 g5 22. Kd2 Nf6 23. Nh2 Ng6 24. Rbg1 Qc8 25. Be2 Nh4 26. Ng4 f3 27. gxf3 Nxg4 28. fxg4 Rxf2 29. Rf1 Nf3+ 30. Kc1 Rxf1+ 31. Rxf1 Nd4 32. Bxd4 cxd4 33. Bc4 Qc7 34. Kb1 Rf8 35. Rf5 Rxf5 36. exf5 Kf8 37. b3 Ke7 38. Qd2 Qc8 39. Ka2 Bf6 40. Qe1 Qc5 41. Kb2 d3 42. Qe4 Qf2+ 43. Ka3 d2 44. Be2 Qe1 45. Qc2 Qc1+ 46. Qb2 e4 0-1

[Event "Budapest FS06 FM"]
[Site "Budapest"]
[Date "2019.06.03"]
[Round "3"]
[White "Liptak, Tibor"]
[Black "Farkas, Laszlo"]
[Result "1/2-1/2"]
[WhiteElo "1684"]
[BlackElo "1700"]
[PlyCount "181"]
[EventDate "2019.06.01"]
[EventType "tourn"]
[EventRounds "10"]
[EventCountry "HUN"]
[SourceTitle "EXT 2020"]
[Source "ChessBase"]
[SourceDate "2019.10.17"]
[SourceVersion "1"]
[SourceVersionDate "2019.10.17"]
[SourceQuality "1"]

1. e4 c5 2. Nf3 Nc6 3. b3 a6 4. Bb2 d6 5. d4 cxd4 6. Nxd4 Qc7 7. Nc3 e6 8. Be2 Bd7 9. 0-0 Nf6 10. Kh1 Rc8 11. Rc1 Be7 12. Nxc6 Bxc6 13. Qd3 b5 14. Bf3 b4 15. Ne2 Bb5 16. c4 bxc3 17. Qxc3 Qxc3 18. Bxc3 0-0 19. Rfe1 e5 20. Ng3 g6 21. Bd2 Bd3 22. h4 h5 23. Bc3 Nd7 24. Red1 Bb5 25. Bb4 Rxc1 26. Rxc1 Nc5 27. a4 Nd3 28. Rc7 Bxh4 29. Bxd6 Rd8 30. Be7 Bxe7 31. Rxe7 Kf8 32. Rc7 Bd7 33. Kg1 Be6 34. Rc3 Nb4 35. Be2 Rd2 36. Kf1 h4 37. Nh1 Rb2 38. Bd1 Na2 39. Rc6 Bxb3 40. Bxb3 Rxb3 41. Kg1 Rb4 42. Rxa6 Rxe4 43. Kh2 Nc3 44. Ra8+ Kg7 45. a5 g5 46. Rc8 Nd5 47. a6 Ra4 48. Rc6 Nf4 49. g3 Ng6 50. gxh4 Rxh4+ 51. Kg1 Ra4 52. Ng3 Ne7 53. Rb6 Nd5 54. Nf5+ Kh7 55. Rh6+ Kg8 56. Rd6 Nb4 57. Rd8+ Kh7 58. Nd6 f6 59. Rd7+ Kg6 60. a7 Nc6 61. Nc8 Ra6 62. Rc7 Ra1+ 63. Kg2 Nxa7 64. Rxa7 Rd1 65. Ne7+ Kf7 66. Nf5+ Kg6 67. Ne3 Rd4 68. Ra6 g4 69. f3 gxf3+ 70. Kxf3 Kg5 71. Ra8 Rf4+ 72. Kg3 Kg6 73. Ng4 Rf1 74. Ra6 Kg5 75. Nf2 f5 76. Kg2 Re1 77. Nh3+ Kh5 78. Ra8 Kg6 79. Ra6+ Kf7 80. Ra7+ Ke6 81. Ra6+ Ke7 82. Kf2 Rb1 83. Ng5 Rb2+ 84. Kf3 Rb3+ 85. Kf2 Kd7 86. Nf3 Rb5 87. Rf6 Rb2+ 88. Ke3 f4+ 89. Ke4 Re2+ 90. Kf5 e4 91. Ne5+ 1/2-1/2

[Event "Budapest FS06 FM"]
[Site "Budapest"]
[Date "2019.06.02"]
[Round "2"]
[White "Farkas, Laszlo"]
[Black "Aayush, Bhattacherjee"]
[Result "0-1"]
[WhiteElo "1700"]
[BlackElo "1527"]
[PlyCount "132"]
[EventDate "2019.06.01"]
[EventType "tourn"]
[EventRounds "10"]
[EventCountry "HUN"]
[SourceTitle "EXT 2020"]
[Source "ChessBase"]
[SourceDate "2019.10.17"]
[SourceVersion "1"]
[SourceVersionDate "2019.10.17"]
[SourceQuality "1"]

1. c4 e6 2. Nc3 Nf6 3. Nf3 d5 4. e3 Be7 5. b3 0-0 6. g3 b6 7. Bg2 Bb7 8. 0-0 Nbd7 9. d3 Nc5 10. Qe2 dxc4 11. dxc4 Qd3 12. Bb2 Rad8 13. Rab1 Nfe4 14. Qxd3 Nxd3 15. Ba1 Bb4 16. Nb5 a6 17. Nbd4 c5 18. Ne2 f6 19. Bh1 e5 20. h4 Rd7 21. Rbd1 Rfd8 22. Nfd4 Ndxf2 23. Rxf2 Nxf2 24. Kxf2 Bxh1 25. Rxh1 cxd4 26. exd4 exd4 27. Nf4 Bc5 28. Kf3 Kf7 29. Rd1 b5 30. Nd3 Bf8 31. c5 a5 32. a3 b4 33. axb4 axb4 34. Rc1 Rc8 35. Rc4 Ra8 36. Bb2 Rc8 37. Bxd4 Rcd8 38. Ke3 Re8+ 39. Kd2 Red8 40. c6 Rd6 41. Kc2 Ke8 42. c7 Rc8 43. Ba7 Kd7 44. Bc5 Rc6 45. Bxf8 Rxc4+ 46. bxc4 Rxf8 47. Nf4 g5 48. hxg5 fxg5 49. Nd5 Rf3 50. g4 h6 51. Kb2 Kc8 52. c5 Rd3 53. Nxb4 Rd4 54. Nc6 Rxg4 55. Ne5 Rg3 56. Kc2 Kxc7 57. Kd2 h5 58. Ke2 h4 59. Kf2 Rc3 60. c6 Rxc6 61. Kg2 Rc3 62. Nf7 g4 63. Ng5 h3+ 64. Kh2 Rc2+ 65. Kh1 g3 66. Nxh3 Rh2+ 0-1

[Event "Budapest FS05 FM"]
[Site "Budapest"]
[Date "2019.05.13"]
[Round "9"]
[White "Farkas, Laszlo"]
[Black "Levin, Evgeny"]
[Result "0-1"]
[WhiteElo "1726"]
[BlackElo "1717"]
[PlyCount "106"]
[EventDate "2019.05.04"]
[EventType "tourn"]
[EventRounds "10"]
[EventCountry "HUN"]
[SourceTitle "CBM 190 Extra"]
[Source "ChessBase"]
[SourceDate "2019.07.15"]
[SourceVersion "1"]
[SourceVersionDate "2019.07.15"]
[SourceQuality "1"]

1. c4 c5 2. Nf3 e6 3. Nc3 Nf6 4. e4 d6 5. d4 cxd4 6. Nxd4 Be7 7. b3 Nc6 8. Bb2 0-0 9. Be2 Ne8 10. Bf3 Nxd4 11. Qxd4 Bf6 12. Qd3 a6 13. 0-0-0 Qc7 14. Kb1 Rb8 15. Rc1 Bd7 16. Bd1 Bc6 17. Bc2 g6 18. Rcd1 b5 19. cxb5 axb5 20. f3 b4 21. Ne2 Bxb2 22. Kxb2 Bb5 23. Qe3 Bxe2 24. Qxe2 Qa5 25. Kb1 Nc7 26. Bd3 d5 27. Rc1 e5 28. Rc6 Ra8 29. Rhc1 Ne6 30. Qb2 d4 31. Bc4 Nc7 32. Bd3 Nb5 33. Bxb5 Qxb5 34. R1c4 Ra7 35. Qd2 Rb8 36. Qh6 Rf8 37. Qg5 Re8 38. R6c5 Qa6 39. Qd2 Rea8 40. Rc2 d3 41. Rb2 Qb6 42. Qc1 Rd8 43. Rxe5 Qd4 44. f4 Kg7 45. Qd1 d2 46. Rc2 Rad7 47. g3 Qe3 48. Rd5 Qxe4 49. Re5 Qd3 50. Re2 Qxe2 51. Qxe2 d1Q+ 52. Qxd1 Rxd1+ 53. Kb2 R8d2 0-1

[Event "Budapest FS05 FM"]
[Site "Budapest"]
[Date "2019.05.11"]
[Round "7"]
[White "Chekletsova, Darya"]
[Black "Farkas, Laszlo"]
[Result "1-0"]
[WhiteElo "1815"]
[BlackElo "1726"]
[PlyCount "75"]
[EventDate "2019.05.04"]
[EventType "tourn"]
[EventRounds "10"]
[EventCountry "HUN"]
[SourceTitle "CBM 190 Extra"]
[Source "ChessBase"]
[SourceDate "2019.07.15"]
[SourceVersion "1"]
[SourceVersionDate "2019.07.15"]
[SourceQuality "1"]

1. d4 c6 2. c4 d5 3. cxd5 cxd5 4. Bf4 Bd7 5. Nc3 Bc6 6. e3 a6 7. Nf3 Nd7 8. Bd3 Ngf6 9. 0-0 Nh5 10. Be5 Nxe5 11. Nxe5 Nf6 12. Nxc6 bxc6 13. Rc1 e6 14. Na4 Qc7 15. Qc2 c5 16. Nxc5 Bd6 17. Qa4+ Ke7 18. Nxa6 Bxh2+ 19. Kh1 Qd6 20. Rc6 Rxa6 21. Rxa6 Qb8 22. Qb5 Qxb5 23. Bxb5 Rb8 24. Kxh2 Rxb5 25. b3 Ng4+ 26. Kg3 h5 27. Rc1 Rb7 28. Rcc6 g5 29. Rab6 Ra7 30. a4 Nf6 31. f3 Nd7 32. Rb5 f6 33. a5 f5 34. a6 Ra8 35. Rb7 Rd8 36. a7 f4+ 37. exf4 gxf4+ 38. Kxf4 1-0

[Event "Budapest FS05 FM"]
[Site "Budapest"]
[Date "2019.05.07"]
[Round "4"]
[White "Levin, Evgeny"]
[Black "Farkas, Laszlo"]
[Result "0-1"]
[WhiteElo "1717"]
[BlackElo "1726"]
[PlyCount "122"]
[EventDate "2019.05.04"]
[EventType "tourn"]
[EventRounds "10"]
[EventCountry "HUN"]
[SourceTitle "CBM 190 Extra"]
[Source "ChessBase"]
[SourceDate "2019.07.15"]
[SourceVersion "1"]
[SourceVersionDate "2019.07.15"]
[SourceQuality "1"]

1. e4 c5 2. Nc3 Nc6 3. Nf3 d6 4. h3 a6 5. d4 cxd4 6. Nxd4 e6 7. Nxc6 bxc6 8. Bd3 Bb7 9. 0-0 Be7 10. f4 Bf6 11. Bd2 Ne7 12. Qe2 g6 13. Na4 0-0 14. Rab1 Qc7 15. Bc3 Bxc3 16. bxc3 Ra7 17. Nb6 Nc8 18. Nc4 d5 19. Ne5 f6 20. Nf3 Qa5 21. exd5 exd5 22. Qe6+ Kg7 23. c4 Qc5+ 24. Kh1 Nd6 25. Qd7+ Rf7 26. Qd8 Nxc4 27. Bxc4 Qxc4 28. Qb6 Bc8 29. Qd8 Rac7 30. Rfe1 Rfd7 31. Qe8 Qc5 32. Ng5 fxg5 33. Qe5+ Kg8 34. Qe6+ Rf7 35. Rb7 Rxb7 36. Qxc8+ Qf8 37. Re8 Rbe7 38. Rxf8+ Rxf8 39. Qxc6 gxf4 40. Qxd5+ Ref7 41. c4 h6 42. Qe6 Kh7 43. Qxa6 f3 44. gxf3 Rxf3 45. Qe6 h5 46. h4 R3f4 47. Qe7+ R8f7 48. Qd8 Rxc4 49. Kh2 Rc2+ 50. Kg3 Rxa2 51. Qd5 Ra3+ 52. Kg2 Rfa7 53. Qd8 Rc3 54. Qd5 Rac7 55. Qd8 Rf7 56. Qd4 Rcf3 57. Qd5 R3f4 58. Kg3 Rg4+ 59. Kh3 Rff4 60. Qd7+ Kh6 61. Qd8 Rxh4+ 0-1

[Event "HUN-chT2 Breyer 1516"]
[Site "Hungary"]
[Date "2015.12.06"]
[Round "6.10"]
[White "Hajdu, Roland"]
[Black "Farkas, Laszlo"]
[Result "1-0"]
[WhiteElo "1826"]
[BlackElo "1849"]
[PlyCount "73"]
[EventDate "2015.09.13"]
[EventType "team-tourn"]
[EventRounds "11"]
[EventCountry "HUN"]
[SourceTitle "CBM 170 Extra"]
[Source "ChessBase"]
[SourceDate "2016.02.25"]
[SourceVersion "1"]
[SourceVersionDate "2016.02.25"]
[SourceQuality "1"]
[WhiteTeam "TTC Sakk"]
[BlackTeam "Szazhalombatta"]
[WhiteTeamCountry "HUN"]
[BlackTeamCountry "HUN"]

1. e4 c5 2. Nf3 d6 3. d4 cxd4 4. Nxd4 Nf6 5. Nc3 a6 6. Be2 b5 7. Bf3 e5 8. Nf5 Bb7 9. Bg5 h6 10. Bxf6 Qxf6 11. Nd5 Qd8 12. Qd2 g6 13. Nfe3 Nc6 14. 0-0 Nd4 15. Bg4 Bc8 16. c3 Ne6 17. Rad1 h5 18. Bh3 Ng5 19. Bxc8 Rxc8 20. Qd3 Ne6 21. f4 exf4 22. Nxf4 Nc5 23. Qd4 Rg8 24. Qd5 Qd7 25. b4 Ne6 26. e5 Nxf4 27. Rxf4 Qe6 28. Re4 Qxd5 29. Nxd5 f5 30. exf6+ Kf7 31. Rd3 Rc4 32. Rxc4 bxc4 33. Re3 Bh6 34. Re7+ Kf8 35. Nc7 Rg7 36. Ne6+ Kg8 37. fxg7 1-0

[Event "HUN-chT2 Breyer 1516"]
[Site "Hungary"]
[Date "2015.10.04"]
[Round "2.10"]
[White "Farkas, Laszlo"]
[Black "Bagdi, Timea"]
[Result "0-1"]
[WhiteElo "1849"]
[BlackElo "1950"]
[PlyCount "52"]
[EventDate "2015.09.13"]
[EventType "team-tourn"]
[EventRounds "11"]
[EventCountry "HUN"]
[SourceTitle "CBM 170 Extra"]
[Source "ChessBase"]
[SourceDate "2016.02.25"]
[SourceVersion "1"]
[SourceVersionDate "2016.02.25"]
[SourceQuality "1"]
[WhiteTeam "Szazhalombatta"]
[BlackTeam "Naszaly Geniusz Tata"]
[WhiteTeamCountry "HUN"]
[BlackTeamCountry "HUN"]

1. Nf3 d5 2. d4 Nf6 3. e3 Bg4 4. Bd3 e6 5. b3 Be7 6. Bb2 0-0 7. Nbd2 c5 8. c3 Nc6 9. Qc2 cxd4 10. Nxd4 Rc8 11. Nxc6 Rxc6 12. 0-0 a6 13. f3 Bh5 14. Qd1 Bc5 15. Qe2 e5 16. Qf2 b5 17. b4 Ba7 18. a4 Re6 19. axb5 e4 20. fxe4 Ng4 21. Qe1 Nxe3 22. Qc1 Nxf1+ 23. Kxf1 Qf6+ 24. Nf3 Bxf3 25. c4 Bxg2+ 26. Kxg2 Qf2+ 0-1

[Event "HUN-chT2 Breyer 1314"]
[Site "Hungary"]
[Date "2013.09.22"]
[Round "2.10"]
[White "Kovacs, Balazs"]
[Black "Farkas, Laszlo"]
[Result "0-1"]
[WhiteElo "1719"]
[BlackElo "1860"]
[PlyCount "130"]
[EventDate "2013.09.08"]
[EventType "team-tourn"]
[EventRounds "9"]
[EventCountry "HUN"]
[SourceTitle "EXT 2016"]
[Source "ChessBase"]
[SourceDate "2015.10.08"]
[SourceVersion "1"]
[SourceVersionDate "2015.10.08"]
[SourceQuality "1"]
[WhiteTeam "Tatabanya Turul"]
[BlackTeam "Szazhalombatta"]
[WhiteTeamCountry "HUN"]
[BlackTeamCountry "HUN"]

1. e4 c5 2. c3 Nf6 3. e5 Nd5 4. d4 cxd4 5. cxd4 d6 6. Nf3 Nc6 7. Be2 e6 8. 0-0 Qc7 9. Re1 dxe5 10. Nxe5 Bd6 11. Nf3 Bd7 12. Bc4 Nce7 13. Bb3 Rc8 14. Bd2 Bc6 15. Na3 b5 16. Rc1 Qb8 17. h3 0-0 18. Nc2 Qa8 19. Ne3 Nf4 20. Nh4 Nd3 21. Qg4 h5 22. Qxh5 Nxc1 23. Ng4 Be4 24. f3 Bf5 25. Nxf5 exf5 26. Nh6+ gxh6 27. Bxh6 Rc4 28. Qg5+ Ng6 29. Qf6 Ne2+ 30. Kf2 Bg3+ 31. Kf1 Be5 32. dxe5 Ng3+ 33. Kg1 Nh5 34. Qxf5 Ng7 35. Bxg7 Kxg7 36. Qf6+ Kh7 37. Bxc4 bxc4 38. f4 Qd8 39. Qf5 Qd4+ 40. Kh1 Qxf4 41. Qxf4 Nxf4 42. Re4 Nd3 43. Rxc4 Nxe5 44. Rc7 Ra8 45. Re7 Nd3 46. Rxf7+ Kg6 47. Rb7 a5 48. Rb5 a4 49. g4 Rc8 50. Kh2 Rc2+ 51. Kg3 Nxb2 52. Rb4 a3 53. h4 Nc4 54. h5+ Kf6 55. Kf4 Nd6 56. g5+ Ke6 57. Rb3 Rxa2 58. Re3+ Kf7 59. Rf3 Nc4 60. g6+ Kg7 61. Kg3 Nd6 62. Rd3 Nf5+ 63. Kg4 Kf6 64. Kf3 Rh2 65. Kg4 Rh4+ 0-1

[Event "HUN-chT2 Breyer 1314"]
[Site "Hungary"]
[Date "2013.09.08"]
[Round "1"]
[White "Farkas, Laszlo"]
[Black "Szinavel, Zsolt"]
[Result "0-1"]
[WhiteElo "1860"]
[BlackElo "2137"]
[PlyCount "120"]
[EventDate "2013.09.08"]
[EventType "team-tourn"]
[EventRounds "9"]
[EventCountry "HUN"]
[SourceTitle "EXT 2016"]
[Source "ChessBase"]
[SourceDate "2015.10.08"]
[SourceVersion "1"]
[SourceVersionDate "2015.10.08"]
[SourceQuality "1"]
[WhiteTeam "Szazhalombatta"]
[BlackTeam "Kisber Aszar"]
[WhiteTeamCountry "HUN"]
[BlackTeamCountry "HUN"]

1. d4 e6 2. Nf3 Nf6 3. e3 b6 4. Bd3 Bb7 5. 0-0 c5 6. b3 Be7 7. Nbd2 Nc6 8. c3 0-0 9. Qe2 cxd4 10. exd4 Nd5 11. Bb2 Nf4 12. Qe4 Nxd3 13. Qxd3 d5 14. Rae1 a5 15. Ne5 Nxe5 16. Rxe5 Ba6 17. c4 Rc8 18. Rc1 Bg5 19. Rc2 Bxd2 20. Qxd2 dxc4 21. Bc3 Rc7 22. b4 axb4 23. Bxb4 Re8 24. Qe3 Rd7 25. Bc3 Rd5 26. Re4 Qg5 27. Qe2 b5 28. f4 Qe7 29. Rb2 Qd7 30. Rb1 Bb7 31. Re5 Ra8 32. Qb2 f6 33. Re2 Qd6 34. Rf2 Rf5 35. Qd2 Be4 36. Rb4 Bc6 37. h3 Rd5 38. Qe1 Qd7 39. Re2 Re8 40. Rd2 g5 41. fxg5 Rxg5 42. Rf2 Qd5 43. Rbb2 f5 44. Qe3 Rg6 45. Rbe2 Qd6 46. Qe5 Qxe5 47. Rxe5 Rg3 48. Bb4 Rd3 49. Bc5 c3 50. Re1 Kf7 51. Kh2 Rg8 52. Rc1 Rd2 53. Rc2 Rxf2 54. Rxf2 Bd5 55. g4 c2 56. Ba3 Ra8 57. Bc1 Rxa2 58. gxf5 exf5 59. Kg3 b4 60. Kf4 b3 0-1

[Event "Fejer County-chT 1213"]
[Site "Fejer Region"]
[Date "2013.02.16"]
[Round "5.1"]
[White "Farkas, Laszlo"]
[Black "Nemeth, Miklos1"]
[Result "0-1"]
[WhiteElo "1915"]
[BlackElo "2086"]
[PlyCount "86"]
[EventDate "2012.11.03"]
[EventType "team-tourn"]
[EventRounds "7"]
[EventCountry "HUN"]
[SourceTitle "EXT 2019"]
[Source "ChessBase"]
[SourceDate "2018.10.10"]
[SourceVersion "1"]
[SourceVersionDate "2018.10.10"]
[SourceQuality "1"]
[WhiteTeam "MartonVal"]
[BlackTeam "Dunaujvaros Decs IV"]
[WhiteTeamCountry "HUN"]
[BlackTeamCountry "HUN"]

1. d4 Nf6 2. Nf3 e6 3. c4 d5 4. Qc2 Be7 5. Nc3 0-0 6. e4 dxe4 7. Nxe4 Nbd7 8. Bd3 Nxe4 9. Bxe4 Nf6 10. Bd3 b6 11. Be3 c5 12. dxc5 Bxc5 13. Bxc5 bxc5 14. 0-0 Bb7 15. Ng5 h6 16. Nh7 Nxh7 17. Bxh7+ Kh8 18. Rad1 Qg5 19. f4 Qf6 20. Bd3 Rad8 21. f5 exf5 22. Bxf5 Rd4 23. Bh3 Qd6 24. Rxd4 Qxd4+ 25. Kh1 Be4 26. Qc1 Rb8 27. b3 Rd8 28. Qe1 Qd3 29. Kg1 f5 30. Qf2 Qd2 31. Qxc5 Qg5 32. g3 Bd3 33. Re1 Be4 34. Rf1 Bd3 35. Rf4 Qh5 36. Bf1 Bc2 37. Rf2 Be4 38. Qxa7 Rd1 39. Qe3 Qh3 40. Qe2 Rc1 41. Qd2 Rb1 42. c5 h5 43. Qf4 Rxf1+ 0-1

[Event "Budapest FS06 FM-A"]
[Site "Budapest"]
[Date "2012.06.11"]
[Round "9"]
[White "Farkas, Laszlo"]
[Black "Juracsik, Jozsef"]
[Result "0-1"]
[WhiteElo "1930"]
[BlackElo "2134"]
[PlyCount "52"]
[EventDate "2012.06.02"]
[EventType "tourn"]
[EventRounds "9"]
[EventCountry "HUN"]
[SourceTitle "CBM 148 Extra"]
[Source "ChessBase"]
[SourceDate "2012.06.22"]
[SourceVersion "1"]
[SourceVersionDate "2012.06.22"]
[SourceQuality "1"]

1. d4 Nf6 2. c4 g6 3. g3 Bg7 4. Bg2 d6 5. Nc3 0-0 6. e3 Nc6 7. d5 Na5 8. Qe2 c5 9. f3 a6 10. Rb1 b5 11. b3 Rb8 12. cxb5 axb5 13. Bd2 b4 14. Nd1 Nxd5 15. e4 Nc7 16. Be3 Ba6 17. Qd2 c4 18. Qc2 Nb5 19. Rc1 Nd4 20. Qf2 e5 21. Bf1 d5 22. f4 dxe4 23. bxc4 b3 24. axb3 Naxb3 25. Rb1 Qa5+ 26. Bd2 Nc2+ 0-1

[Event "Budapest FS06 FM-A"]
[Site "Budapest"]
[Date "2012.06.10"]
[Round "8"]
[White "Ciuro Munoz, Ricardo"]
[Black "Farkas, Laszlo"]
[Result "1-0"]
[WhiteElo "2087"]
[BlackElo "1930"]
[PlyCount "83"]
[EventDate "2012.06.02"]
[EventType "tourn"]
[EventRounds "9"]
[EventCountry "HUN"]
[SourceTitle "CBM 148 Extra"]
[Source "ChessBase"]
[SourceDate "2012.06.22"]
[SourceVersion "1"]
[SourceVersionDate "2012.06.22"]
[SourceQuality "1"]

1. e4 e6 2. d3 b6 3. Nf3 Bb7 4. g3 c5 5. Qe2 Nc6 6. Nc3 a6 7. Bg2 Nd4 8. Nxd4 cxd4 9. Nd1 Rc8 10. 0-0 Nf6 11. c4 dxc3 12. Nxc3 Bb4 13. Bd2 0-0 14. Rfe1 e5 15. a3 Be7 16. f4 Bc5+ 17. Be3 exf4 18. gxf4 Qc7 19. d4 Be7 20. Rac1 Qb8 21. e5 Ne8 22. Nd5 Bxd5 23. Bxd5 Nc7 24. Be4 d6 25. b4 dxe5 26. dxe5 f5 27. Bc6 Rcd8 28. Bf3 Nb5 29. a4 Nd4 30. Qc4+ Kh8 31. Bxd4 b5 32. axb5 axb5 33. Qc3 Rc8 34. Bc5 Rc7 35. Qe3 g5 36. e6 gxf4 37. Qxf4 Bxc5+ 38. Kh1 Bb6 39. e7 Rxe7 40. Qh6 Rxe1+ 41. Rxe1 Bd4 42. Re7 1-0

[Event "Budapest FS06 FM-A"]
[Site "Budapest"]
[Date "2012.06.06"]
[Round "5"]
[White "Mayer, Istvan"]
[Black "Farkas, Laszlo"]
[Result "1/2-1/2"]
[WhiteElo "2038"]
[BlackElo "1930"]
[PlyCount "94"]
[EventDate "2012.06.02"]
[EventType "tourn"]
[EventRounds "9"]
[EventCountry "HUN"]
[SourceTitle "CBM 148 Extra"]
[Source "ChessBase"]
[SourceDate "2012.06.22"]
[SourceVersion "1"]
[SourceVersionDate "2012.06.22"]
[SourceQuality "1"]

1. e4 c5 2. Nf3 e6 3. d4 cxd4 4. Nxd4 a6 5. c3 Qc7 6. g3 Nc6 7. Bg2 Bc5 8. 0-0 Nge7 9. Be3 Ba7 10. Nd2 d6 11. a4 b6 12. Nc4 Nxd4 13. Qxd4 0-0 14. Qxd6 Qxd6 15. Nxd6 Bd7 16. Rfd1 Bc6 17. Bf1 Nc8 18. f3 b5 19. axb5 Bxe3+ 20. Kg2 Nxd6 21. bxc6 Nb5 22. Rd7 Rfc8 23. Bxb5 axb5 24. Rxa8 Rxa8 25. Rb7 Bc5 26. Rxb5 Bd6 27. e5 Bc7 28. Rb7 Rc8 29. f4 f6 30. exf6 gxf6 31. b4 Kf8 32. b5 Ke7 33. b6 Kd6 34. Rxc7 Rxc7 35. bxc7 Kxc7 36. f5 e5 37. Kf3 Kxc6 38. Ke4 Kc5 39. g4 h6 40. h4 Kc6 41. g5 fxg5 42. hxg5 hxg5 43. Kxe5 Kd7 44. f6 g4 45. c4 g3 46. c5 g2 47. c6+ Kxc6 1/2-1/2

[Event "Budapest op 1st"]
[Site "Budapest"]
[Date "2011.08.28"]
[Round "9"]
[White "Sarkozi, Ferenc"]
[Black "Farkas, Laszlo"]
[Result "1-0"]
[WhiteElo "1939"]
[BlackElo "1911"]
[PlyCount "131"]
[EventDate "2011.08.20"]
[EventType "swiss"]
[EventRounds "9"]
[EventCountry "HUN"]
[SourceTitle "EXT 2022"]
[Source "ChessBase"]
[SourceDate "2021.10.06"]
[SourceVersion "1"]
[SourceVersionDate "2021.10.06"]
[SourceQuality "1"]

1. f4 g6 2. Nf3 d6 3. e4 Bg7 4. Nc3 e6 5. Be2 Ne7 6. 0-0 c5 7. Kh1 Nbc6 8. d3 a6 9. a4 b6 10. Ng5 Nd4 11. Nb1 h6 12. Nf3 Nxe2 13. Qxe2 Bd7 14. e5 d5 15. c4 d4 16. Nbd2 Bc6 17. Ne4 0-0 18. Ng3 Qd7 19. b3 Qb7 20. Bd2 Rfe8 21. b4 Nf5 22. bxc5 bxc5 23. Rfb1 Qc7 24. Ne4 Bd7 25. a5 Reb8 26. Nf6+ Kh8 27. Nxd7 Qxd7 28. Qe1 Ne7 29. Qc1 Kh7 30. Rb2 Nc6 31. Rab1 Bf8 32. Rb6 Nb4 33. Bxb4 cxb4 34. c5 Rc8 35. c6 Qd5 36. Nd2 Qxa5 37. Rb7 Kg8 38. Ne4 Rc7 39. Nd6 Rd8 40. Nc4 Rxc6 41. Nxa5 Rxc1+ 42. Rxc1 Rd5 43. Nb3 g5 44. g3 Rd8 45. Ra7 Rd5 46. Rxa6 Kg7 47. Rc7 Kg6 48. Kg2 gxf4 49. gxf4 h5 50. Kf3 Rd8 51. Ke4 h4 52. f5+ Kg5 53. fxe6 fxe6 54. Nxd4 Kg4 55. Nxe6 Re8 56. Nxf8 Rxf8 57. Rf6 Rb8 58. Rc2 b3 59. Rb2 Rb5 60. Rf4+ Kh3 61. Rf3+ Kg4 62. h3+ Kg5 63. d4 Ra5 64. Rfxb3 Ra1 65. Rg2+ Kh5 66. Rb8 1-0

[Event "Budapest op 1st"]
[Site "Budapest"]
[Date "2011.08.23"]
[Round "4"]
[White "Farkas, Laszlo"]
[Black "Bodrogi, Laszlo"]
[Result "1/2-1/2"]
[WhiteElo "1911"]
[BlackElo "2035"]
[PlyCount "148"]
[EventDate "2011.08.20"]
[EventType "swiss"]
[EventRounds "9"]
[EventCountry "HUN"]
[SourceTitle "EXT 2022"]
[Source "ChessBase"]
[SourceDate "2021.10.06"]
[SourceVersion "1"]
[SourceVersionDate "2021.10.06"]
[SourceQuality "1"]

1. d4 Nf6 2. Nf3 b6 3. g3 Bb7 4. Bg2 c5 5. 0-0 cxd4 6. Nxd4 Bxg2 7. Kxg2 Qc7 8. f3 Nc6 9. Nb5 Qb7 10. Bg5 a6 11. N5c3 e6 12. Bxf6 gxf6 13. Ne4 Be7 14. Nd6+ Bxd6 15. Qxd6 Rc8 16. Qf4 Ke7 17. Nc3 d5 18. Rad1 Qc7 19. Qe3 Kf8 20. Qh6+ Ke7 21. Rxd5 Nb4 22. Rd2 Qe5 23. Rfd1 Qg5 24. Qxg5 fxg5 25. a3 Nd5 26. Nxd5+ exd5 27. c3 Rc5 28. Rxd5 Rxd5 29. Rxd5 f6 30. e4 Rc8 31. Kf2 h5 32. Ke3 Rc4 33. Kd3 Rc8 34. c4 Ke6 35. b4 Rh8 36. c5 bxc5 37. bxc5 a5 38. f4 gxf4 39. gxf4 h4 40. Rd6+ Ke7 41. Kd4 h3 42. e5 fxe5+ 43. Kxe5 Rb8 44. Rh6 Rb3 45. Rh7+ Kd8 46. Kd6 Rd3+ 47. Kc6 Rxa3 48. Kb5 a4 49. Kb4 Rf3 50. Kxa4 Rxf4+ 51. Kb5 Rf3 52. Kc4 Kc8 53. Kd4 Kd8 54. c6 Kc8 55. Kc4 Kd8 56. Kd4 Kc8 57. Ke4 Rc3 58. Kf4 Kd8 59. Kg4 Rxc6 60. Rxh3 Ke7 61. Rh7+ Kf8 62. h4 Kg8 63. Rd7 Rc5 64. Rd6 Kg7 65. Rd4 Ra5 66. h5 Rb5 67. Rd7+ Kh6 68. Rd6+ Kh7 69. Rg6 Ra5 70. Rf6 Rb5 71. Rd6 Ra5 72. Rd7+ Kh6 73. Rd6+ Kh7 74. h6 Rb5 1/2-1/2